| Поле | Инд. | ПП | Название | Значение |
|---|---|---|---|---|
| Тип записи | a | |||
| Библиографический уровень | a | |||
| 001 | Контрольный номер | 13d6d4870bed4220a913636f37b9e223 | ||
| 005 | Дата корректировки | 20260703152343.6 | ||
| 040 | a | Служба первич. каталог. | 10013504 | |
| 041 | 0_ | a | Код языка текста | rus |
| 100 | 1_ | a | Автор | Мулякаев Л.М. |
| q | Полное имя | Мулякаев Лев Михайлович | ||
| 245 | 10 | a | Заглавие | Диффузионное насыщение поверхности молибдена хромом |
| 260 | a | Место издания | Москва | |
| b | Издательство | МАИ | ||
| 504 | a | Библиография | Библиогр.: с.122-124 (42 назв.) | |
| 653 | 0_ | a | Ключевые слова | АВТОР МАИ; МОЛИБДЕН-ДИФФУЗИОННОЕ НАСЫЩЕНИЕ ХРОМОМ |
| 773 | 18 | a | Заголовок основной записи | Московский авиационный институт им. С. Орджоникидзе |
| w | Контрольный № источника | d62d2c63ed474c1d8601f9bce85f9d7d | ||
| t | Название источника | Труды института | ||
| d | Место и дата издания | Москва : МАИ, 1971 | ||
| g | Прочая информация | Вып. 228. - С.92-124, 1 л. ил. | ||
| 901 | t | Тип документа | a |